书目信息 |
| 题名: |
红茶菌的科学分析
|
|
| 作者: | 坂本政义 , 渡仲三 研究 ;白振华 编 | |
| 分册: | ||
| 出版信息: | 1980 |
|
| 页数: | 210页 | |
| 开本: | 19cm | |
| 丛书名: | ||
| 单 册: | ||
| 中图分类: | R151.3 | |
| 科图分类: | ||
| 主题词: | 共生细菌-保健-饮料 , 营养卫生 , 食品卫生 , 饮食卫生 , 食品卫生学 | |
| 电子资源: | ||
| ISBN: | ||
| 000 | 00778nam0 2200289 45 | |
| 001 | 0180008775 | |
| 005 | 20060705085041.14 | |
| 100 | @a19950410d1980 emky0chiy0121 ea | |
| 101 | 1 | @achi@cjpn |
| 102 | @aCN@b110000 | |
| 105 | @ay z 000yy | |
| 200 | 10 | @a红茶菌的科学分析@Ahong cha jun de ke xue fen xi@f(日)坂本政义,(日)渡仲三研究@g白振华编 |
| 205 | @b影印本 | |
| 210 | @d1980 | |
| 215 | @a210页@d19cm | |
| 606 | @a共生细菌-保健-饮料 | |
| 606 | 0 | @a营养卫生 |
| 606 | 0 | @a食品卫生 |
| 606 | 0 | @a饮食卫生 |
| 606 | 0 | @a食品卫生学 |
| 690 | @aR151.3@v3 | |
| 701 | 0 | @a坂本政义@Aban ben zheng yi@4研究 |
| 701 | 0 | @a渡仲三@Adu zhong san@4研究 |
| 702 | 0 | @a白振华@Abai zhen hua@4编 |
| 801 | 2 | @aCN@bNLC@c20060705 |
| 801 | 0 | @aCN@bTSSF |
| 905 | @a10447@dR151.3@e32 | |
| 红茶菌的科学分析/(日)坂本政义,(日)渡仲三研究/白振华编.-影印本.-1980 |
| 210页;19cm |
| ISBN : |
| ● |
| 相关链接 |
|
|
|
|
正题名:红茶菌的科学分析
索取号:R151.3/32
 
预约/预借
| 序号 | 登录号 | 条形码 | 馆藏地/架位号 | 状态 | 备注 |
| 1 | 0421663 | 204216632 | 密集书库/ [索取号:R151.3/32] | 在馆 |